Province confinanti più estese - Quiz n°6 - Statistics

Statistiche generali
  • Questo quiz è stato fatto 2 volte
  • Il punteggio medio è 8 su 10
Statistiche sulle risposte
Provincia Provincia confinante più estesa % Corretto
Rimini Arezzo
100%
Brindisi Bari
100%
Monza e Brianza Bergamo
100%
Torino Cuneo
100%
Avellino Foggia
100%
Fermo Macerata
100%
Belluno Trento
100%
Agrigento Palermo
50%
Rieti Perugia
50%
Potenza Foggia
0%
Nessun quiz corrispondente trovato
Distribuzione punteggi
Percentuale di utenti per punteggio
Percentile per numero di risposta
I tuoi punteggi nel tempo
Non hai fatto questo quiz